| 000 | 00673na a2200241 4500 | ||
|---|---|---|---|
| 001 | 12770 | ||
| 003 | MIRAKIL | ||
| 005 | 20181213154732.0 | ||
| 008 | 160922b tu 000 0 | ||
| 020 | _a9789759857615 | ||
| 035 | _a12770 | ||
| 040 |
_aMilas _btur _cTR-AnCHP |
||
| 082 |
_a297.197 _bB32i |
||
| 090 | _a297.197 B32i 2008 | ||
| 100 | _aBedeloğlu, Abdullah | ||
| 245 |
_aİslamda anahtar siyasal kavramlar halifelik tarihi ve doktrinler _cAbdullah Bedeloğlu |
||
| 260 |
_aİstanbul _bYenda Yayınları _c2008 |
||
| 300 |
_a253 s. _btbl. _c20 sm. |
||
| 650 |
_aSiyasal tarih _xİslam |
||
| 650 | _aSiyasal İslam | ||
| 650 |
_aDin _xSiyaset |
||
| 942 |
_2ddc _cBKS |
||
| 999 |
_c70 _d70 |
||